|
|
|
|
| LEADER |
00000nab a2200000 ar4500 |
| 001 |
vtls008984625 |
| 003 |
SK-MaSNL |
| 005 |
20260303065407.0 |
| 008 |
070429c2007 xo wr|p|||||||000 b|slo |
| 015 |
|
|
|a SNBRB2007/04
|2 snkbucl
|
| 038 |
|
|
|a SNKBUCL
|
| 040 |
|
|
|a SNKBUCL
|b slo
|c SNKBUCL
|e AACR2
|
| 041 |
0 |
|
|a slo
|
| 044 |
|
|
|a xo
|c SK
|
| 080 |
|
|
|a 629.331.1
|2 2001
|
| 100 |
1 |
|
|a Marianyi, Peter,
|d 1953-
|4 aut
|9 211540
|
| 245 |
1 |
0 |
|a Poriadny kus auta
|b Dacia Logan MCV 1,5 dCi
|c Peter Marianyi
|
| 300 |
|
|
|b Fotogr.
|
| 650 |
0 |
7 |
|a Dacia Logan MCV (osobný automobil)
|2 snkbucl
|9 1056099
|
| 650 |
0 |
7 |
|a osobné automobily
|2 snkbucl
|9 26643
|
| 773 |
0 |
|
|t Stop
|g Roč. XXXVII, č. 8 (2007), s. 22-23
|x 1335-0730
|
| 852 |
|
|
|a SNK
|b KIS3GCP
|
| 999 |
|
|
|c 1751024
|d 1752954
|